000 00701nam a2200253Ia 4500
003 OSt
005 20220926021014.0
006 a|||||r|||| 00| 0
007 ta
008 220923b |||||||| |||| 00| 0 eng d
020 _a0333544781
037 _cGeneral Book
040 _aRTL
_cRTL
_beng
041 _2eng
_aeng
082 _aW691.59B.N9, N3
100 _aFowkes Ben
_915924
245 0 _aRise and fall of communism in Eastern Europe
260 _aNew York
_bSt. Martin's Press
_c1993
300 _axi, 228p
_ccm.
500 _aAppendix: P 195-199
650 _aCommunism
_929280
942 _hW691.59B.N9, N3
_cGB
_2CC
999 _c635451
_d635451